Closing account of the municipality and annual report of the municipality

Význam, obsah a ďalšie skutočnosti o záverečnom účte obce a výročnej správy obce autorka skúma v kontexte v súčasnosti platnej právnej úpravy obce, rozpočtových pravidiel územnej samosprávy a účtovníctva v SR.

Saved in:
Bibliographic Details
Main Author: Kovalčíková, Antónia
Format: Book Chapter
Language:Slovak
Subjects:
Tags: Add Tag
No Tags, Be the first to tag this record!

MARC

LEADER 00000naa$a2200000$$$4500
001 0236113
005 20240502073823.4
041 0 |a slo 
044 |a SK 
245 1 0 |a Closing account of the municipality and annual report of the municipality  |c Antónia Kovalčíková 
520 |a Význam, obsah a ďalšie skutočnosti o záverečnom účte obce a výročnej správy obce autorka skúma v kontexte v súčasnosti platnej právnej úpravy obce, rozpočtových pravidiel územnej samosprávy a účtovníctva v SR. 
610 2 0 |a obce 
610 2 0 |a účtovníctvo 
610 2 0 |a účty 
610 2 0 |a správy výročné 
610 2 0 |a predpisy právne 
610 2 0 |a pravidlá rozpočtové 
100 1 |a Kovalčíková, Antónia